000
00324nam a22001457a 4500
003
SGT
020
_a
978-93-89802-559
082
_a
300.72
_b
KOT
100
_a
KOTHARI, C.R.
245
_a
RESEARCH METHODOLOGY
260
_a
INIDA
_b
NEW AGE
_c
2024
300
_a
464
650
_a
RESEARCH METHODOLOGY
942
_2
ddc
_c
BK
_0
19
999
_c
25846
_d
25846